000 00808nam a2200241 i 4500
003 DO-SdBNP
005 20250305142808.0
007 ta
008 250305t2004 dr 000 0 spa d
040 _aDO-SdBNP
_bspa
_cBNPHU
_erda
082 _axxxx
_bC352
_222
100 _aCastillo Pantaleón, Juan Miguel
_eautor
_4aut.
_954034
245 1 3 _aEl documento digital y el papel del notario como garante de la autenticidad documental /
_cJuan Miguel Castillo Placencia
264 _aSanto Domingo :
_bLibrería La Filantrópica,
_c2004.
300 _a32 páginas,
_c21 cm.
336 _atexto
_btxt
_2rdacontent
337 _asin mediación
_bn
_2rdamedia
338 _avolumen
_bnc
_2rdacarrier
504 _aBibliografía p: 32.
590 _aInventariado, 2025/ YL
910 _aYLockward
942 _2ddc
_cLF2
999 _c58337
_d58337